Govt. of
Madhya Pradesh

Bose The Untold Story of An Inconvenient Nationalist (Record no. 69038)

MARC details
000 -LEADER
fixed length control field 00288nam a22001097a 4500
082 ## - DEWEY DECIMAL CLASSIFICATION NUMBER
Classification number 920/GHO
100 ## - MAIN ENTRY--AUTHOR NAME
Personal name Ghose, Chandrachur
245 ## - TITLE STATEMENT
Title Bose The Untold Story of An Inconvenient Nationalist
260 ## - PUBLICATION, DISTRIBUTION, ETC. (IMPRINT)
Place of publication Haryana
Name of publisher Penguin Random House
Year of publication 2022
650 ## - SUBJECT ADDED ENTRY--TOPICAL TERM
Topical Term Biography
942 ## - ADDED ENTRY ELEMENTS (KOHA)
Koha item type Books
Holdings
Withdrawn status Lost status Damaged status Not for loan Home library Current library Date acquired Cost, normal purchase price Full call number Accession Number Price effective from Koha item type
        MACL MACL 10/04/2026 1299.00 920/GHO CRE040491 10/04/2026 Books